000
00301nam a2200133Ia 4500
082
_a
612
_b
H1993R
100
_a
VIDYARATAN
245
_a
HANDBOOK OF HUMAN PHYSIOLOGY
250
_a
7 TH
260
_b
JAYPEE MEDICAL PUBLISHER
_a
DELHI
_c
1993
300
_a
1-340
650
_a
PHYSIOLOGY
942
_2
ddc
_c
BK
999
_c
2486
_d
2486